After the goldrush (Record no. 84333)

MARC details
000 -LEADER
fixed length control field 01654cad a22002655a 4500
001 - CONTROL NUMBER
control field L157323
008 - FIXED-LENGTH DATA ELEMENTS--GENERAL INFORMATION
fixed length control field 121017s2012 xxk 000 0 eng d
035 ## - SYSTEM CONTROL NUMBER
System control number (Sirsi) u157323
041 0# - LANGUAGE CODE
Language code of text/sound track or separate title eng
100 1# - MAIN ENTRY--PERSONAL NAME
Personal name Ditchburn, Mathew
245 00 - TITLE STATEMENT
Title After the goldrush
260 ## - PUBLICATION, DISTRIBUTION, ETC.
Date of publication, distribution, etc. 2012
490 #0 - SERIES STATEMENT
Series statement Hogan Lovells Real Estate Quarterly
Volume/sequential designation Summer Issue, 10-11(2)
520 ## - SUMMARY, ETC.
Summary, etc. Considers whether the status of the decision in "Goldacre (Offices) Ltd v Nortel Networks UK Ltd (in administration)" ([2009] EWHC 3389 (Ch) (L154706)) about rent payable in administration, heralded as a victory for landlords, can remain untarnished when it has led to further disputes, most importantly "Leisure (Norwich) II Ltd and ors v Luminar lava Ignite Ltd (in administration)" ([2012 EWHC 951 (Ch) (L156895)). "Goldacre" has created unfairness on all sides but remains good law, judicially endorsed in "Luminar" as "plainly right".
650 24 - SUBJECT ADDED ENTRY--TOPICAL TERM
Topical term or geographic name entry element GOLDACRE (OFFICES) LTD v NORTEL NETWORKS UK LTD (IN ADMINISTRATION)
650 24 - SUBJECT ADDED ENTRY--TOPICAL TERM
Topical term or geographic name entry element LEISURE (NORWICH) II LTD V LUMINAR LAVA IGNITE LTD (IN ADMINISTRATION)
650 24 - SUBJECT ADDED ENTRY--TOPICAL TERM
Topical term or geographic name entry element RE ATLANTIC COMPUTER SYSTEMS
650 24 - SUBJECT ADDED ENTRY--TOPICAL TERM
Topical term or geographic name entry element RE TOSHOKU FINANCE PLC (IN LIQUIDATION)
650 24 - SUBJECT ADDED ENTRY--TOPICAL TERM
Topical term or geographic name entry element EXETER CITY COUNCIL V BAIRSTOW
651 #4 - SUBJECT ADDED ENTRY--GEOGRAPHIC NAME
Geographic name England and Wales
Chronological subdivision 1543-
690 ## - LOCAL SUBJECT ADDED ENTRY--TOPICAL TERM (OCLC, RLIN)
Topical term or geographic name as entry element Landlord and tenant
9 (RLIN) 6252
690 ## - LOCAL SUBJECT ADDED ENTRY--TOPICAL TERM (OCLC, RLIN)
Topical term or geographic name as entry element Commercial property
9 (RLIN) 6227
856 40 - ELECTRONIC LOCATION AND ACCESS
Uniform Resource Identifier <a href="https://www.hoganlovells.com/newsmedia/newspubs/List.aspx?PublicationTypes=8d563981-63d3-440c-b56b-c804d4c057dc&Industry=0c7d5441-1de6-4616-927f-e2b37a6367be">https://www.hoganlovells.com/newsmedia/newspubs/List.aspx?PublicationTypes=8d563981-63d3-440c-b56b-c804d4c057dc&Industry=0c7d5441-1de6-4616-927f-e2b37a6367be</a>
Public note View the article at www.hoganlovells.com -1de6-4616-927f-e2b37a6367be
-- View the article at www.hoganlovells.com
942 ## - ADDED ENTRY ELEMENTS (KOHA)
Suppress in OPAC 0
Holdings
Withdrawn status Lost status Source of classification or shelving scheme Damaged status Not for loan Home library Current library Shelving location Date acquired Total Checkouts Full call number Barcode Date last seen Copy number Price effective from Koha item type
    Dewey Decimal Classification     Virtual Virtual Online 17/10/2012   ONLINE PUBLICATION 157323-2001 06/08/2019 1 06/08/2019 Journal article